000 00382nam a22001577a 4500
003 MPLRDC
005 20220104125241.0
008 210129b ||||| |||| 00| 0 eng d
082 _a857.9 LCY-83 v.6
100 _a柳残阳
245 _a铁骑金戈. 六
_c
260 _a
_b文康印刷出版公司
_c
300 _b
650 _a武侠小说
942 _cBK
_o857.9 LCY-83 v.6
999 _c25871
_d25861